<?xml version="1.0" encoding="UTF-8"?>
<record
    xmlns:xsi="http://www.w3.org/2001/XMLSchema-instance"
    xsi:schemaLocation="http://www.loc.gov/MARC21/slim http://www.loc.gov/standards/marcxml/schema/MARC21slim.xsd"
    xmlns="http://www.loc.gov/MARC21/slim">

  <leader>00692nam a2200241 a 4500</leader>
  <controlfield tag="001">9178</controlfield>
  <controlfield tag="003">BD-RjUL</controlfield>
  <controlfield tag="005">20211208234730.0</controlfield>
  <controlfield tag="008">161229s1967    nyua     b    001 0 eng</controlfield>
  <datafield tag="035" ind1=" " ind2=" ">
    <subfield code="a">(BD-RjUL)9223</subfield>
  </datafield>
  <datafield tag="040" ind1=" " ind2=" ">
    <subfield code="a">DLC/ICU</subfield>
    <subfield code="c">ICU</subfield>
    <subfield code="d">DLC</subfield>
    <subfield code="d">BD-RjUL</subfield>
    <subfield code="b">eng</subfield>
  </datafield>
  <datafield tag="041" ind1=" " ind2=" ">
    <subfield code="a">eng</subfield>
  </datafield>
  <datafield tag="082" ind1="0" ind2="0">
    <subfield code="a">537.56</subfield>
    <subfield code="b">FOC 1967</subfield>
    <subfield code="2">23</subfield>
  </datafield>
  <datafield tag="245" ind1="0" ind2="0">
    <subfield code="a">Focusing of charged particles /</subfield>
    <subfield code="c">edited by Albert Septier.</subfield>
  </datafield>
  <datafield tag="260" ind1=" " ind2=" ">
    <subfield code="a">New York :</subfield>
    <subfield code="b">Academic Press,</subfield>
    <subfield code="c">c1967.</subfield>
  </datafield>
  <datafield tag="300" ind1=" " ind2=" ">
    <subfield code="a"> v. :</subfield>
    <subfield code="b">illus. ;</subfield>
    <subfield code="c">24 cm.</subfield>
  </datafield>
  <datafield tag="504" ind1=" " ind2=" ">
    <subfield code="a">Includes bibliographies &amp; Index.</subfield>
  </datafield>
  <datafield tag="505" ind1=" " ind2=" ">
    <subfield code="a">V.1. -- v.2. --</subfield>
  </datafield>
  <datafield tag="650" ind1=" " ind2="0">
    <subfield code="a">Electron optics.</subfield>
    <subfield code="9">28481</subfield>
  </datafield>
  <datafield tag="700" ind1="1" ind2=" ">
    <subfield code="a">Septier, Albert L.,</subfield>
    <subfield code="e">ed.</subfield>
    <subfield code="9">28482</subfield>
  </datafield>
  <datafield tag="942" ind1=" " ind2=" ">
    <subfield code="2">ddc</subfield>
    <subfield code="c">BK</subfield>
  </datafield>
  <datafield tag="999" ind1=" " ind2=" ">
    <subfield code="c">9178</subfield>
    <subfield code="d">9178</subfield>
  </datafield>
  <datafield tag="952" ind1=" " ind2=" ">
    <subfield code="0">0</subfield>
    <subfield code="1">0</subfield>
    <subfield code="2">ddc</subfield>
    <subfield code="4">0</subfield>
    <subfield code="7">0</subfield>
    <subfield code="8">NFIC</subfield>
    <subfield code="a">RUCL</subfield>
    <subfield code="b">RUCL</subfield>
    <subfield code="c">Stack</subfield>
    <subfield code="d">1969-01-21</subfield>
    <subfield code="e">Zeitlinger</subfield>
    <subfield code="g">180.60</subfield>
    <subfield code="l">0</subfield>
    <subfield code="o">537.56 FOC V-2 1967</subfield>
    <subfield code="r">2014-01-20 00:00:00</subfield>
    <subfield code="t">C-1</subfield>
    <subfield code="w">2021-12-08</subfield>
    <subfield code="y">BK</subfield>
  </datafield>
  <datafield tag="952" ind1=" " ind2=" ">
    <subfield code="0">0</subfield>
    <subfield code="1">0</subfield>
    <subfield code="2">ddc</subfield>
    <subfield code="4">0</subfield>
    <subfield code="7">1</subfield>
    <subfield code="8">NFIC</subfield>
    <subfield code="a">RUCL</subfield>
    <subfield code="b">RUCL</subfield>
    <subfield code="c">Reading</subfield>
    <subfield code="d">1968-11-13</subfield>
    <subfield code="e">Zeitlinger</subfield>
    <subfield code="g">180.60</subfield>
    <subfield code="l">0</subfield>
    <subfield code="o">537.56 FOC V-2 1967</subfield>
    <subfield code="r">2016-12-29 00:00:00</subfield>
    <subfield code="t">C-1</subfield>
    <subfield code="w">2016-12-29</subfield>
    <subfield code="y">BK</subfield>
  </datafield>
  <datafield tag="952" ind1=" " ind2=" ">
    <subfield code="0">0</subfield>
    <subfield code="1">0</subfield>
    <subfield code="2">ddc</subfield>
    <subfield code="4">0</subfield>
    <subfield code="7">1</subfield>
    <subfield code="8">NFIC</subfield>
    <subfield code="a">RUCL</subfield>
    <subfield code="b">RUCL</subfield>
    <subfield code="c">Reading</subfield>
    <subfield code="d">1968-11-13</subfield>
    <subfield code="e">Zeitlinger</subfield>
    <subfield code="g">180.60</subfield>
    <subfield code="l">0</subfield>
    <subfield code="o">537.56 FOC V-1 1967</subfield>
    <subfield code="r">2016-12-29 00:00:00</subfield>
    <subfield code="t">C-1</subfield>
    <subfield code="w">2016-12-29</subfield>
    <subfield code="y">BK</subfield>
  </datafield>
  <datafield tag="952" ind1=" " ind2=" ">
    <subfield code="0">0</subfield>
    <subfield code="1">0</subfield>
    <subfield code="2">ddc</subfield>
    <subfield code="4">0</subfield>
    <subfield code="7">0</subfield>
    <subfield code="8">NFIC</subfield>
    <subfield code="a">RUCL</subfield>
    <subfield code="b">RUCL</subfield>
    <subfield code="c">Stack</subfield>
    <subfield code="d">1968-11-13</subfield>
    <subfield code="e">Zeitlinger</subfield>
    <subfield code="g">199.60</subfield>
    <subfield code="l">0</subfield>
    <subfield code="o">537.56 FOC V-1 1967</subfield>
    <subfield code="r">2017-05-09 00:00:00</subfield>
    <subfield code="t">C-2</subfield>
    <subfield code="w">2017-05-09</subfield>
    <subfield code="y">BK</subfield>
  </datafield>
  <datafield tag="952" ind1=" " ind2=" ">
    <subfield code="0">0</subfield>
    <subfield code="1">0</subfield>
    <subfield code="2">ddc</subfield>
    <subfield code="4">0</subfield>
    <subfield code="7">0</subfield>
    <subfield code="8">NFIC</subfield>
    <subfield code="a">RUCL</subfield>
    <subfield code="b">RUCL</subfield>
    <subfield code="c">Stack</subfield>
    <subfield code="d">1968-11-13</subfield>
    <subfield code="e">Zeitlinger</subfield>
    <subfield code="g">199.60</subfield>
    <subfield code="l">0</subfield>
    <subfield code="o">537.56 FOC V-2 1967</subfield>
    <subfield code="r">2017-05-09 00:00:00</subfield>
    <subfield code="t">C-3</subfield>
    <subfield code="w">2017-05-09</subfield>
    <subfield code="y">BK</subfield>
  </datafield>
  <datafield tag="952" ind1=" " ind2=" ">
    <subfield code="0">0</subfield>
    <subfield code="1">0</subfield>
    <subfield code="2">ddc</subfield>
    <subfield code="4">0</subfield>
    <subfield code="7">0</subfield>
    <subfield code="8">NFIC</subfield>
    <subfield code="a">RUCL</subfield>
    <subfield code="b">RUCL</subfield>
    <subfield code="c">Stack</subfield>
    <subfield code="d">1968-11-13</subfield>
    <subfield code="e">Zeitlinger</subfield>
    <subfield code="g">199.60</subfield>
    <subfield code="l">0</subfield>
    <subfield code="o">537.56 FOC V-1 1967</subfield>
    <subfield code="r">2017-05-09 00:00:00</subfield>
    <subfield code="t">C-3</subfield>
    <subfield code="w">2017-05-09</subfield>
    <subfield code="y">BK</subfield>
  </datafield>
</record>
